Síndrome metabólico y antipsicóticos de segunda generación (ap2g) en pacientes con esquizofrenia y trastorno bipolar / (Registro nro. 3991)
[ vista simple ]
| 000 -LEADER | |
|---|---|
| fixed length control field | 01488nam a2200253 4500 |
| 001 - CONTROL NUMBER | |
| control field | 0000010699 |
| 005 - DATE AND TIME OF LATEST TRANSACTION | |
| control field | 20250329165434.0 |
| 008 - FIXED-LENGTH DATA ELEMENTS--GENERAL INFORMATION | |
| fixed length control field | 180403s2018 000 0 eng d |
| 040 ## - CATALOGING SOURCE | |
| Original cataloging agency | CO-CtgCURN |
| Language of cataloging | spa |
| Transcribing agency | coctgcurn |
| 082 0# - DEWEY DECIMAL CLASSIFICATION NUMBER | |
| Classification number | ENF 2018 |
| Item number | C172 |
| 100 1# - MAIN ENTRY--PERSONAL NAME | |
| Personal name | Camargo Polo, Yan Carlos. |
| 245 10 - TITLE STATEMENT | |
| Title | Síndrome metabólico y antipsicóticos de segunda generación (ap2g) en pacientes con esquizofrenia y trastorno bipolar / |
| Statement of responsibility, etc. | Yan Carlos Camargo Polo; Nilvia Julio Geliz; Heidy Núñez San Martin; Sohely Padilla Godoy; Investigadores: Zorayda Barrios Puerta. |
| 260 ## - PUBLICATION, DISTRIBUTION, ETC. | |
| Place of publication, distribution, etc. | Cartagena de Indias : |
| Name of publisher, distributor, etc. | Corporación Universitaria Rafael Núñez, |
| Date of publication, distribution, etc. | 2018. |
| 504 ## - BIBLIOGRAPHY, ETC. NOTE | |
| Bibliography, etc. note | Trabajo de grado (Enfermeria). Corporación Universitaria Rafael Nuñez. Facultad de Ciencias de la Salud. Enfermeria, 2018. |
| 520 ## - SUMMARY, ETC. | |
| Summary, etc. | El Síndrome Metabólico lo constituye un conjunto de diversas situaciones clínicas como la Diabetes Mellitus, la Hipertensión Arterial y la Dislipidemia. |
| 650 #0 - SUBJECT ADDED ENTRY--TOPICAL TERM | |
| Topical term or geographic name entry element | Enfermeria |
| Form subdivision | Tesis y disertaciones academicas. |
| 700 1# - ADDED ENTRY--PERSONAL NAME | |
| Personal name | Julio Geliz, Nilvia. |
| 700 1# - ADDED ENTRY--PERSONAL NAME | |
| Personal name | Núñez San Martin, Heidy. |
| 700 1# - ADDED ENTRY--PERSONAL NAME | |
| Personal name | Padilla Godoy, Sohely. |
| 700 1# - ADDED ENTRY--PERSONAL NAME | |
| Personal name | Barrios Puerta, Zorayda, |
| Relator term | Investigadores. |
| 856 ## - ELECTRONIC LOCATION AND ACCESS | |
| Uniform Resource Identifier | <a href="https://unicurn.sharepoint.com/:b:/s/biblioteca/EfytzaqhwlFKjiWqDQFLptABuV1jTYcJLNO9DPYzNuLU3A?e=uwGQSm">https://unicurn.sharepoint.com/:b:/s/biblioteca/EfytzaqhwlFKjiWqDQFLptABuV1jTYcJLNO9DPYzNuLU3A?e=uwGQSm</a> |
| Public note | Click aqui para ver el recurso en texto completo |
| 942 ## - ADDED ENTRY ELEMENTS (KOHA) | |
| Source of classification or shelving scheme | Dewey Decimal Classification |
| Koha item type | Trabajos de grado |
| Classification part | ENF 2018 |
| Item part | C172 |
| Withdrawn status | Lost status | Source of classification or shelving scheme | Damaged status | Not for loan | Collection | Home library | Current library | Shelving location | Date acquired | Source of acquisition | Cost, normal purchase price | Inventory number | Total checkouts | Full call number | Barcode | Date last seen | Copy number | Price effective from | Koha item type |
|---|---|---|---|---|---|---|---|---|---|---|---|---|---|---|---|---|---|---|---|
| Dewey Decimal Classification | Trabajos de grado | Miguel Henríquez Emiliani | Miguel Henríquez Emiliani | Trabajo de grado | 03/29/2025 | El autor | 350000.00 | 017927 | ENF 2018 C172 | 017927 | 10/26/2018 | 1 | 10/26/2018 | Trabajos de grado |